60 Casos prc̀ticos ISR, IVA, IMSS 2017

Bibliographic Details
Main Author: Martn̕ez Gutiřrez, Javier
Format: eBook
Language:Spanish
Published: Mx̌ico DF: Ediciones Fiscales ISEF, 2017
Subjects:
Online Access:Acceso restringido

MARC

LEADER 00000nam a22000007a 4500
005 20170527211140.0
007 cr|||| ||||
008 170527s2017 mx |||||s|||| 00||0 spa d
020 |a 978-607-406-881-8 
035 |a 20276 
040 |a vLex 
090 |c 6710  |d 6710 
100 1 |a Martn̕ez Gutiřrez, Javier 
245 1 0 |a 60 Casos prc̀ticos ISR, IVA, IMSS 2017  |h [Recurso electrn̤ico] /  |c Javier Martn̕ez Gutiřrez 
256 |a Servicio en ln̕ea 
260 |a Mx̌ico DF:  |b Ediciones Fiscales ISEF,  |c 2017 
300 |a 1 recurso electrn̤ico 
500 |a En este libro, 60 CASOS PRℓCTICOS ISR, IVA, IMSS encontrar ̀casos prc̀ticos para personas fs̕icas y morales sobre el cl̀culo de pagos provisionales, declaracin̤ del ejercicio, para efectos del ISR, de sueldos y salarios, cuotas del IMSS, as ̕como pagos del IVA, adems̀ contiene recomendaciones contables que tienen efecto fiscal. Incluye comentarios a la deduccin̤ adicional al primer empleo y aspectos de la reforma laboral y el outsourcing. 
506 1 |a Disponible solo en los productos indicados  |d vLex Global  |d vLex Global (Academic Edition, excluding Law Schools)  |d vLex Global (U.S. Academic Edition, Law Schools)  |d vLex Global (U.S. Academic Edition, excluding Law Schools)  |d vLex Global (Academic Edition, Law Schools) 
650 0 4 |a Derecho Fiscal  |z Mx̌ico 
740 0 |a vLex Libros (Servicio en ln̕ea) 
856 4 0 |u http://vlex.com/source/60-casos-practicos-isr-iva-imss-2017-20276  |z Acceso restringido 
942 |c BOOK 
999 0 |a Tax Law